Как зарабатывать деньги в интернете

Dades bibliogràfiques
Autor principal: Рябых А. Андрей
Sumari:Клиенты, а вслед за ними и их деньги, переходят в интернет. Как использовать этот тренд и построить свой бизнес в сети? Как правильно общаться с инвесторами? На эти и многие другие вопросы в своей книге отвечает интернет-буржуй Андрей Рябых. Автор рассматривает сам предмет: заработок в Сети, описывает модели и способы построения прибыльных интернет-проектов, а также психологические установки, делающие одних людей богатыми, а других очень богатыми. Книга полезна как начинающим, так и продвинутым интернет-предпринимателям. Рекомендована к обязательному чтению будущим миллионерам.
Idioma:rus
Publicat: Москва, Манн, Иванов и Фербер, 2013
Matèries:
Format: MixedMaterials Llibre
KOHA link:https://koha.lib.tpu.ru/cgi-bin/koha/opac-detail.pl?biblionumber=234289

MARC

LEADER 00000nam0a2200000 4500
001 234289
005 20231101231316.0
010 |a 9785916575798 
035 |a (RuTPU)RU\TPU\book\255411 
090 |a 234289 
100 |a 20130322d m y0rusy50 ca 
101 0 |a rus 
102 |a RU 
105 |a a z 000zy 
200 1 |a Как зарабатывать деньги в интернете  |d The True Moneymaker  |f А. Рябых 
210 |a Москва  |c Манн, Иванов и Фербер  |d 2013 
215 |a 208 с.  |c ил. 
330 |a Клиенты, а вслед за ними и их деньги, переходят в интернет. Как использовать этот тренд и построить свой бизнес в сети? Как правильно общаться с инвесторами? На эти и многие другие вопросы в своей книге отвечает интернет-буржуй Андрей Рябых. Автор рассматривает сам предмет: заработок в Сети, описывает модели и способы построения прибыльных интернет-проектов, а также психологические установки, делающие одних людей богатыми, а других очень богатыми. Книга полезна как начинающим, так и продвинутым интернет-предпринимателям. Рекомендована к обязательному чтению будущим миллионерам. 
510 1 |a The True Moneymaker  |z eng 
606 1 |a Электронные деньги  |2 stltpush  |3 (RuTPU)RU\TPU\subj\60224  |9 77660 
610 1 |a финансы 
610 1 |a интернет-бизнес 
610 1 |a интернет-заработки 
610 1 |a интернет-проекты 
610 1 |a прибыль 
610 1 |a психология 
686 |a У9(2)262.6  |v LBC/SL-A  |2 rubbk 
700 1 |a Рябых  |b А.  |g Андрей 
801 1 |a RU  |b 63413507  |c 20130322 
801 2 |a RU  |b 63413507  |c 20150205  |g RCR 
942 |c BK